| 000 | 01644cam a2200253 4500 | ||
|---|---|---|---|
| 001 | ABS65426 | ||
| 008 | 020426n2002 000 0 eng u | ||
| 035 | _a(Sirsi) u117710 | ||
| 100 | _aKemp, D | ||
| 245 | _aOverthrow the class system | ||
| 260 | _c2002 | ||
| 490 |
_aEstates Gazette _v(0215) 13 April 2002, 128-129(2) |
||
| 520 | _aDiscusses government plans to reform the Use Classes Order 1987, highlighting implications of the proposed changes. Explains the reasons for reform which originated from concern over four areas: the effect of use changes on residents' amenity; the 24-hour economy; inconsistency between recent government policy and the Use Classes Order; and the rules over temporary uses. Examines proposals for use class A (retail and leisure) and provides a comparison between the 1987 order and option 1 which reclassifies uses as follows: Aa - 'mixed retail' uses; Ab - restaurants and cafes; Ac - public houses, bars and nightclubs. Also looks at proposals for class B (industry) which include the removal of light industrial uses from the same use class as B1 offices and research and development in order to stop the rise of out-of-town office developments. Includes useful summary of key use class A and B proposals. | ||
| 590 | _aABS | ||
| 650 | _aTOWN AND COUNTRY PLANNING (USE CLASSES) ORDERS | ||
| 650 | _aCHANGE OF USE | ||
| 650 | _aCLASS A | ||
| 650 | _aCLASS B | ||
| 650 | _aPLANNING REFORM | ||
| 650 | _aTOWN AND COUNTRY PLANNING (USE CLASSES) ORDER 1987 | ||
| 650 | _aPERMITTED DEVELOPMENT RIGHTS | ||
| 690 | _aENVIRONMENTAL AND LAND CONSULTANCY-PLANNING AND DEVELOPMENT | ||
| 942 | _n0 | ||
| 999 |
_c70094 _d70094 |
||